00616 2200241 4500001002100000008004100021020002200062035002000084082000800104084001400112100002600126245005300152250000600205260003000211300002500241650001800266990001500284990001500299990001500314990001500329990001500344990001500359INLIS000000000003386 ind  a978-623-522-810-5 a0010-0526000009 a420 a420 WAS x aNugroho, Waskito Imam aX-Press TKA Bahasa InggriscWaskito Imam Nugroho a1 aJakarta :bErlanggac2025 a95 hlmc21 x 25.5 cm aBahasa Inggis a20110/B/26 a20111/B/26 a20112/B/26 a20113/B/26 a20114/B/26 a20115/B/26